000 00756nam a2200253Ia 4500
003 OSt
005 20220928112649.0
006 a|||||r|||| 00| 0
007 ta
008 220927b |||||||| |||| 00| 0 hin d
020 _cINR 900.00
024 _a139978
037 _b039, 18/02/2019, Rupa Prkashan
_cTextual
040 _aSDCL
_cSDCL
_bhin
041 _2hin
_ahin
082 _aO152,3N7:g(Y31), Q6
100 _aPatel Vishwnath
_9429150
245 0 _aBhartiya upanyas mein gramin jeevan ka chitran
260 _aNew Delhi
_bRawat
_c2016
300 _av,160p.
_ccm.
650 _aHindi
_9391598
942 _hO152,3N7:g(Y31), Q6
_cTEXL
_2CC
999 _c745641
_d745641